Southville International School and Colleges
Your cart is empty.
  • Cart
  • Lists
    Public lists list_1 View all
    Your lists Log in to create your own lists
  • Log in to your account
  • Your cookies
  • Search history
Southville International School and Colleges
  • Advanced search
  • Recent comments
  • Most popular
  • Libraries

Log in to your account

Log in with GOOGLE


If you do not have an external account, but do have a local account, you can still log in:

  1. Home
  2. MARC view: Units 1-8 assessment :
Normal view MARC view ISBD view

Units 1-8 assessment : (Record no. 112761)

[ view plain ]
MARC details
000 -LEADER
fixed length control field 00585nam a2200193 a 4500
001 - CONTROL NUMBER
control field 3528
005 - DATE AND TIME OF LATEST TRANSACTION
control field 20140414131950.0
008 - FIXED-LENGTH DATA ELEMENTS--GENERAL INFORMATION
fixed length control field 060509s19uu xx 00 eng d
020 ## - INTERNATIONAL STANDARD BOOK NUMBER
International Standard Book Number 0-07-571677-1
050 ## - LIBRARY OF CONGRESS CALL NUMBER
Classification number TR 372.4
Item number L.K Unit 1-8 BLM 2002
245 ## - TITLE STATEMENT
Title Units 1-8 assessment :
Remainder of title SRA open court reading, L.K.
260 ## - PUBLICATION, DISTRIBUTION, ETC. (IMPRINT)
Place of publication, distribution, etc Columbus, Ohio :
Name of publisher, distributor, etc SRA/McGraw-Hill,
Date of publication, distribution, etc 2002.
300 ## - PHYSICAL DESCRIPTION
Extent 81 p. : ill. ; cm.
440 ## - SERIES STATEMENT/ADDED ENTRY--TITLE
Title SRA Open Court Reading, Red
500 ## - GENERAL NOTE
General note Blackline Masters
650 ## - SUBJECT ADDED ENTRY--TOPICAL TERM
Topical term or geographic name as entry element Reading
General subdivision Study and teaching.
650 ## - SUBJECT ADDED ENTRY--TOPICAL TERM
Topical term or geographic name as entry element Activities
General subdivision Reproducibles.
Holdings
Withdrawn status Lost status Damaged status Home library Current library Shelving location Date acquired Source of acquisition Total Checkouts Full call number Barcode Date last seen Price effective from Koha item type
      Munich Library Munich Library Teachers Reference Section 05/09/2006     TR 372.4 L.K Unit 1-8 BLM 2002 M4151 04/14/2014 04/14/2014 Books

Units 1-8 assessment :

APA

(2002). Units 1-8 assessment. Columbus, Ohio: SRA/McGraw-Hill.

Chicago

2002. Units 1-8 assessment. Columbus, Ohio: SRA/McGraw-Hill.

Harvard

(2002). Units 1-8 assessment. Columbus, Ohio: SRA/McGraw-Hill.

MLA

Units 1-8 assessment. Columbus, Ohio: SRA/McGraw-Hill. 2002.

  • Place hold
  • Print
  • Cite
  • Add to your cart (remove)
  • Save record
    BIBTEX Dublin Core MARCXML MARC (non-Unicode/MARC-8) MARC (Unicode/UTF-8) MARC (Unicode/UTF-8, Standard) MODS (XML) RIS
  • More searches
    Search for this title in:
    Other Libraries (WorldCat) Other Databases (Google Scholar) Online Stores (Bookfinder.com) Open Library (openlibrary.org)

Exporting to Dublin Core...

SOUTHVILLE LIBRARY

Southville International School and Colleges Library

1281 Tropical Ave. Cor. Luxembourg St., BF Homes International, Las Pinas City

Tel. No. 8256374 / 252358 Loc. 117/146

Powered by Koha